More excellent HTML with an introduction to JavaScript / (Record no. 194750)
[ view plain ]
| 000 -LEADER | |
|---|---|
| fixed length control field | 01100 a2200217 4500 |
| 003 - CONTROL NUMBER IDENTIFIER | |
| control field | Nust |
| 005 - DATE AND TIME OF LATEST TRANSACTION | |
| control field | 20230608083600.0 |
| 010 ## - LIBRARY OF CONGRESS CONTROL NUMBER | |
| LC control number | 99015468 |
| 020 ## - INTERNATIONAL STANDARD BOOK NUMBER | |
| International Standard Book Number | 0072337451 |
| 040 ## - CATALOGING SOURCE | |
| Transcribing agency | Nust |
| 082 00 - DEWEY DECIMAL CLASSIFICATION NUMBER | |
| Classification number | 005.72,GOT |
| 100 1# - MAIN ENTRY--PERSONAL NAME | |
| Personal name | Gottleber, Timothy T. |
| 9 (RLIN) | 56243 |
| 245 10 - TITLE STATEMENT | |
| Title | More excellent HTML with an introduction to JavaScript / |
| Statement of responsibility, etc. | Timothy T. Gottleber, Timothy N. Trainor. |
| 260 ## - PUBLICATION, DISTRIBUTION, ETC. | |
| Place of publication, distribution, etc. | Boston : |
| Name of publisher, distributor, etc. | Irwin/McGraw-Hill, |
| Date of publication, distribution, etc. | c2000. |
| 300 ## - PHYSICAL DESCRIPTION | |
| Extent | xxiii, 550 p. : |
| Other physical details | ill. (some col.) ; |
| Dimensions | 25 cm. + |
| Accompanying material | 1 computer optical disc (4 3/4 in.) |
| 505 ## - FORMATTED CONTENTS NOTE | |
| Formatted contents note | An Html Overview (Page-1), Your First Webpage (Page-31), Links (Page-59), Lists (Page-83), Formatting (Page-109), Inclusions (Page-139), Tables (Page-181), Styles (Page-217), Frames (Page-247), Forms(Page-275), CGI (Page-313), Features To Help The Users (Page-343), Javascript Programs For Html (Page-381), Dynamic Html (Page-419), Pragmatic Html (Page-455). |
| 650 #0 - SUBJECT ADDED ENTRY--TOPICAL TERM | |
| Topical term or geographic name entry element | HTML (Document markup language) |
| 9 (RLIN) | 36858 |
| 650 #0 - SUBJECT ADDED ENTRY--TOPICAL TERM | |
| Topical term or geographic name entry element | JavaScript (Computer program language) |
| 9 (RLIN) | 3349 |
| 700 1# - ADDED ENTRY--PERSONAL NAME | |
| Personal name | Trainor, Timothy N., |
| Dates associated with a name | 1953- |
| 9 (RLIN) | 113068 |
| 942 ## - ADDED ENTRY ELEMENTS (KOHA) | |
| Source of classification or shelving scheme | |
| Koha item type | Book |
| Call number prefix | 005.72,GOT |
| Withdrawn status | Lost status | Source of classification or shelving scheme | Damaged status | Not for loan | Permanent Location | Current Location | Shelving location | Date acquired | Full call number | Barcode | Date last seen | Price effective from | Koha item type | Public note |
|---|---|---|---|---|---|---|---|---|---|---|---|---|---|---|
| Military College of Signals (MCS) | Military College of Signals (MCS) | General Stacks | 12/12/2016 | 005.72,GOT | MCS36413 | 12/08/2016 | 12/12/2016 | Book | Almirah No. 81, Shelf No. 2 |
